[Event "IsBank TCh-TUR"]
[Site "Konya TUR"]
[Date "2010.07.05"]
[Round "9"]
[White "Erdogan,H"]
[Black "Erturan,Y"]
[Result "1-0"]
[WhiteElo "2271"]
[BlackElo "2377"]
[EventDate "2010.06.29"]

1. d4 f5 2. c4 Nf6 3. g3 g6 4. Bg2 Bg7 5. Nc3 d6 6. Nh3 O-O 7. O-O Qe8 8.
d5 a5 9. Nf4 Na6 10. Be3 Bd7 11. Rb1 Ng4 12. Bd4 Ne5 13. Ne6 Bxe6 14. dxe6
c6 15. f4 Ng4 16. Bxg7 Kxg7 17. e4 Rf6 18. Re1 Rxe6 19. Qd4+ Rf6 20. exf5
gxf5 21. Bf3 Nh6 22. Re6 Ng8 23. Rbe1 Nc5 24. Qxf6+ Nxf6 25. Rxe7+ Qf7 26.
Rxf7+ Kxf7 27. Rd1 Rd8 28. Ne2 Nfe4 29. h3 Rg8 30. Kg2 Ke7 31. g4 fxg4 32.
hxg4 Nf6 33. Kh3 Nce4 34. Bxe4 Nxe4 35. Rg1 Kf6 36. Nd4 c5 37. Nf3 Nf2+ 38.
Kh4 Nd3 39. Kg3 Rg7 40. b3 Re7 41. Rh1 Kg7 42. g5 Rf7 43. Rh4 Nc1 44. Rh2
Nd3 45. Rh4 a4 46. Nd2 Re7 47. Rh6 Re2 48. Nf3 Nf2 49. Nh4 Rxa2 50. bxa4
Ne4+ 51. Kg4 Rxa4 52. Nf5+ Kg8 53. Nxd6 Nxd6 54. Rxd6 Rxc4 55. Rd8+ Kg7 56.
Rd6 Kg8 57. Rd8+ Kg7 58. Rd7+ Kg6 59. Rxb7 h5+ 60. Kf3 Rb4 61. Rc7 Rb3+ 62.
Ke4 h4 63. Rc6+ Kg7 64. Rc7+ Kg6 65. Rc6+ Kg7 1-0

[Event "IsBank TCh-TUR"]
[Site "Konya TUR"]
[Date "2010.07.05"]
[Round "9"]
[White "Sirin,A"]
[Black "Deruni,B"]
[Result "1-0"]
[WhiteElo "2250"]
[BlackElo "2107"]
[EventDate "2010.06.29"]

1. c4 e5 2. d3 Nc6 3. Nc3 g6 4. g3 Bg7 5. Bg2 d6 6. e3 f5 7. Nge2 Nf6 8.
O-O O-O 9. Rb1 Be6 10. Nd5 Rb8 11. b4 Ne7 12. Nec3 a6 13. a4 h6 14. Qc2 g5
15. f4 gxf4 16. Nxf6+ Rxf6 17. exf4 Nc6 18. Nd5 Rf8 19. Bb2 Nd4 20. Bxd4
exd4 21. b5 axb5 22. cxb5 Rc8 23. Rfe1 Re8 24. Nb4 d5 25. Rxe6 Rxe6 26.
Bxd5 Qd6 27. Qc4 Rce8 28. Re1 Kf7 29. a5 Bf8 30. Rxe6 Rxe6 31. a6 bxa6 32.
bxa6 Kg7 33. Bxe6 Qb6 34. Nc2 Bc5 35. Bg8 Kh8 36. Qf7 1-0

[Event "IsBank TCh-TUR"]
[Site "Konya TUR"]
[Date "2010.07.05"]
[Round "9"]
[White "Citak,S"]
[Black "Lastin,A"]
[Result "0-1"]
[WhiteElo "2340"]
[BlackElo "2643"]
[EventDate "2010.06.29"]

1. d4 Nf6 2. c4 e6 3. Nc3 Bb4 4. Qc2 O-O 5. a3 Bxc3+ 6. Qxc3 d5 7. Nf3 dxc4
8. Qxc4 b6 9. g3 Bb7 10. Bg2 Bd5 11. Qc2 Nc6 12. Be3 Rc8 13. Rd1 Na5 14.
Qb1 Nb3 15. Qc2 c5 16. dxc5 Nxc5 17. b4 Nce4 18. Qb2 Qe7 19. O-O Nd6 20.
Bd4 Rfd8 21. Rc1 Nfe8 22. Rxc8 Rxc8 23. Rc1 Rxc1+ 24. Qxc1 f6 25. Bh3 e5
26. Ba1 Nc4 27. Nd2 Ned6 28. Nxc4 Nxc4 29. Bg2 Be6 30. e3 Qd6 31. Bf1 Nd2
32. Bg2 Nc4 33. Bf1 b5 34. Bc3 Qc6 35. Bxc4 Bxc4 36. Qd2 Qe4 37. f4 Bd5 38.
fxe5 fxe5 39. Qe2 Qh1+ 40. Kf2 Qxh2+ 41. Ke1 Qxg3+ 42. Kd2 Bc4 43. Qh5 Qf2+
44. Kc1 Qxe3+ 45. Kb2 Qf2+ 46. Kc1 Qe3+ 47. Kb2 Qf2+ 48. Kc1 Qg1+ 49. Kb2
Qg2+ 50. Kc1 h6 51. Qxe5 Bd3 52. Kd1 Kh7 53. Bd4 a6 54. Qe3 Bc4 55. Qe5
Qg4+ 56. Kd2 h5 57. Ke3 Qe2+ 58. Kf4 Qg4+ 59. Ke3 h4 60. Qe4+ Qxe4+ 61.
Kxe4 Kh6 62. Kf5 Be2 0-1

[Event "IsBank TCh-TUR"]
[Site "Konya TUR"]
[Date "2010.07.05"]
[Round "9"]
[White "Guven,B"]
[Black "Sanal,V"]
[Result "0-1"]
[WhiteElo "1735"]
[BlackElo "2106"]
[EventDate "2010.06.29"]

1. e4 e5 2. Nf3 Nc6 3. Bc4 Nf6 4. d4 exd4 5. O-O Nxe4 6. Re1 d5 7. Bxd5
Qxd5 8. Nc3 Qh5 9. Nxe4 Be6 10. Nxd4 Qxd1 11. Rxd1 O-O-O 12. Be3 Nxd4 13.
Bxd4 Bf5 14. Ng5 Bg6 15. c3 c5 16. Be3 Be7 17. h3 h6 18. Nf3 f6 19. b4 b6
20. bxc5 bxc5 21. Nd2 Kc7 22. Nb3 Kb6 23. f4 h5 24. g3 Bf5 25. h4 a5 26.
Kf2 a4 27. Rxd8 Rxd8 28. Nd2 Kc6 29. a3 Rb8 30. Ra2 Bd8 31. Nc4 Rb3 32. Rd2
Bc7 33. Nb2 Rxa3 34. c4 Be4 35. Ke2 Ba5 0-1

[Event "IsBank TCh-TUR"]
[Site "Konya TUR"]
[Date "2010.07.05"]
[Round "9"]
[White "Mchedlishvili,M"]
[Black "Margvelashvili,G"]
[Result "1/2-1/2"]
[WhiteElo "2630"]
[BlackElo "2529"]
[EventDate "2010.06.29"]

1. d4 d5 2. c4 e6 3. Nf3 Nf6 4. Nc3 dxc4 5. e3 a6 6. Bxc4 b5 7. Bb3 Bb7 8.
O-O Nbd7 9. Qe2 c5 10. Rd1 Qb8 11. d5 exd5 12. Nxd5 Nxd5 13. Bxd5 Bxd5 14.
Rxd5 Be7 15. e4 Nb6 16. Rd1 O-O 17. Bg5 Bxg5 18. Nxg5 h6 19. Nf3 Qc7 20. e5
Rad8 21. h3 Rxd1+ 22. Rxd1 Rd8 23. Rxd8+ Qxd8 24. e6 Qe7 25. exf7+ Qxf7 26.
b3 c4 27. bxc4 Nxc4 28. Qe4 Qf6 29. Qa8+ Kh7 30. Qe4+ Kg8 31. Qa8+ 1/2-1/2

[Event "IsBank TCh-TUR"]
[Site "Konya TUR"]
[Date "2010.07.05"]
[Round "9"]
[White "Arslan,Erda"]
[Black "Gelashvili,T"]
[Result "0-1"]
[WhiteElo "2126"]
[BlackElo "2614"]
[EventDate "2010.06.29"]

1. d4 Nf6 2. c4 e6 3. Nf3 d5 4. Nc3 Bb4 5. Qc2 c5 6. e3 cxd4 7. exd4 Nc6 8.
a3 Bxc3+ 9. Qxc3 Ne4 10. Qc2 Qa5+ 11. Bd2 Nxd2 12. Qxd2 Qxd2+ 13. Kxd2 Na5
14. Kc3 dxc4 15. Bxc4 Bd7 16. Ba2 Rc8+ 17. Kd2 Bc6 18. Rac1 Ke7 19. Ke3
Bxf3 20. Kxf3 Kd6 21. Ke3 Nc6 22. Rc3 Ne7 23. Rhc1 h5 24. Rxc8 Nxc8 25. h4
Ne7 26. g3 Rg8 27. Kd3 g5 28. hxg5 Rxg5 29. Rh1 Rf5 30. Rh2 Rb5 31. f3 Rg5
32. Ke4 Rxg3 33. Rxh5 Rg2 34. Rb5 b6 35. Bc4 Rh2 36. a4 Rh4+ 37. Kd3 Nc6
0-1

[Event "IsBank TCh-TUR"]
[Site "Konya TUR"]
[Date "2010.07.05"]
[Round "9"]
[White "Okay,I"]
[Black "Tulay,B"]
[Result "0-1"]
[WhiteElo "1865"]
[BlackElo "2163"]
[EventDate "2010.06.29"]

1. e4 c5 2. Nf3 e6 3. d3 Nc6 4. g3 d5 5. Nbd2 g6 6. Bg2 Bg7 7. O-O Nge7 8.
Re1 h6 9. c3 O-O 10. e5 Qc7 11. d4 cxd4 12. cxd4 a5 13. Nf1 a4 14. Ne3 Kh7
15. Bf1 Nf5 16. Nxf5 exf5 17. b3 a3 18. Bd2 Qb6 19. Bc3 Be6 20. Rc1 Rfc8
21. Qd2 Bf8 22. Bd3 Nb4 23. Bb1 Rc6 24. Kg2 Rac8 25. Re3 Kg7 26. Ng1 Be7
27. Ne2 Na6 28. h3 Nb4 29. Kh2 R6c7 30. Nf4 Nc6 31. Ne2 Qa7 32. Qd3 Qb8 33.
Qb5 Na7 34. Qd3 b5 35. Bd2 Rxc1 36. Nxc1 f4 37. g4 fxe3 38. Qxe3 Rh8 39.
Qg3 h5 40. Kg2 hxg4 41. hxg4 Qc8 0-1

[Event "IsBank TCh-TUR"]
[Site "Konya TUR"]
[Date "2010.07.05"]
[Round "9"]
[White "Uzun,S"]
[Black "Okay,A"]
[Result "1/2-1/2"]
[WhiteElo "1966"]
[BlackElo "1852"]
[EventDate "2010.06.29"]

1. e4 c6 2. d4 d5 3. Nc3 dxe4 4. Nxe4 Nd7 5. Bc4 Ngf6 6. Ng5 e6 7. Qe2 Nb6
8. Bd3 h6 9. N5f3 c5 10. dxc5 Bxc5 11. Ne5 Qc7 12. Ngf3 Nbd7 13. O-O O-O
14. Nxd7 Nxd7 15. Qe4 Nf6 16. Qh4 Nd5 17. Qe4 Nf6 18. Qh4 Nd5 19. Qe4 Nf6
20. Qh4 1/2-1/2

[Event "IsBank TCh-TUR"]
[Site "Konya TUR"]
[Date "2010.07.05"]
[Round "9"]
[White "Buyukasik,D"]
[Black "Yuksel,G"]
[Result "1/2-1/2"]
[WhiteElo "2034"]
[BlackElo "1825"]
[EventDate "2010.06.29"]

1. d4 d5 2. Nf3 Nf6 3. g3 Bf5 4. Bg2 e6 5. O-O Bd6 6. c4 c6 7. Nbd2 O-O 8.
h3 Nbd7 9. Nh4 Bg6 10. Nxg6 hxg6 11. e4 dxe4 12. Nxe4 Nxe4 13. Bxe4 Nf6 14.
Bg2 Qc7 15. Qb3 Rac8 16. Be3 Rfd8 17. Rac1 Qe7 18. Rfe1 Qc7 19. a3 Qd7 20.
Red1 Qc7 21. Qa4 a6 22. b4 Qe7 23. Qb3 b5 24. Bg5 Qd7 25. Qf3 Be7 26. cxb5
cxb5 27. Qb7 Qxb7 28. Bxb7 Rb8 29. Bf3 Nd5 30. Bd2 Rdc8 31. Rxc8+ Rxc8 32.
Rc1 Rxc1+ 33. Bxc1 Bf6 34. Bb2 Kf8 35. Kf1 Ke7 36. Ke2 Kd6 37. Kd3 1/2-1/2

[Event "IsBank TCh-TUR"]
[Site "Konya TUR"]
[Date "2010.07.05"]
[Round "9"]
[White "Drozdovskij,Y"]
[Black "Gajewski,G"]
[Result "1/2-1/2"]
[WhiteElo "2625"]
[BlackElo "2572"]
[EventDate "2010.06.29"]

1. d4 Nf6 2. c4 e6 3. Nf3 d5 4. Nc3 Bb4 5. Qa4+ Nc6 6. e3 O-O 7. Bd2 a6 8.
a3 Bd6 9. c5 Be7 10. Bd3 Re8 11. O-O Bf8 12. e4 e5 13. exd5 exd4 14. Nxd4
Ne5 15. Be2 Nxd5 16. Rad1 Nxc3 17. Bxc3 Bd7 18. Qb3 Qc8 19. Nf3 Be6 20. Qc2
Bf5 21. Qd2 Nxf3+ 22. Bxf3 Be4 23. Bxe4 Rxe4 24. Qd5 Re6 25. b4 c6 26. Qf3
Qc7 27. Rd3 Rd8 28. Rfd1 Ree8 29. g3 Qc8 30. Kg2 Be7 31. h4 Rxd3 32. Rxd3
Rd8 33. Rxd8+ Qxd8 34. Qe4 h6 35. h5 Qd7 36. Qe5 Bf6 37. Qb8+ Kh7 38. Bxf6
gxf6 39. Qd6 Qe6 40. Qc7 Qd5+ 41. Kg1 Qd1+ 42. Kg2 Qd5+ 43. Kg1 1/2-1/2

[Event "IsBank TCh-TUR"]
[Site "Konya TUR"]
[Date "2010.07.05"]
[Round "9"]
[White "Heberla,B"]
[Black "Selbes,T"]
[Result "1-0"]
[WhiteElo "2532"]
[BlackElo "2263"]
[EventDate "2010.06.29"]

1. e4 d6 2. Nc3 Nf6 3. f4 g6 4. Nf3 Bg7 5. d4 c5 6. dxc5 Qa5 7. Qd4 dxc5 8.
Qc4 O-O 9. e5 Be6 10. Qa4 Qxa4 11. Nxa4 Nfd7 12. Be3 f6 13. Nxc5 Nxc5 14.
Bxc5 Nc6 15. exf6 Bxf6 16. c3 Bd5 17. Be2 Bg7 18. g3 Rf5 19. Be3 e5 20. O-O
Re8 21. Rae1 exf4 22. Bxf4 Rxe2 23. Rxe2 Bxf3 24. Rxf3 g5 25. Ref2 gxf4 26.
Rxf4 Rxf4 27. Rxf4 b5 28. Kf2 a5 29. Ke2 b4 30. Kd3 h5 31. Rh4 Kf7 32. Rxh5
a4 33. Rc5 Ne5+ 34. Ke4 Ng4 35. Rc7+ Kf6 36. cxb4 Nf2+ 37. Ke3 Nd1+ 38. Kd4
Bf8 39. b5 Ke6 40. b6 Bd6 41. Rc6 Kd7 42. Rc2 a3 43. bxa3 1-0

[Event "IsBank TCh-TUR"]
[Site "Konya TUR"]
[Date "2010.07.05"]
[Round "9"]
[White "Ergonen,A"]
[Black "Tuncer,U"]
[Result "1-0"]
[WhiteElo "1995"]
[BlackElo "2315"]
[EventDate "2010.06.29"]

1. e4 c5 2. Nf3 a6 3. c4 e6 4. d4 cxd4 5. Nxd4 Nf6 6. Nc3 Qc7 7. Be2 Bb4 8.
Qd3 d6 9. O-O Nbd7 10. Qg3 O-O 11. Bh6 Ne8 12. Nd5 Qa5 13. Nb3 Qa4 14. Nc7
Kh8 1-0

[Event "IsBank TCh-TUR"]
[Site "Konya TUR"]
[Date "2010.07.05"]
[Round "9"]
[White "Zdebskaja,N"]
[Black "Majdan,J"]
[Result "1/2-1/2"]
[WhiteElo "2383"]
[BlackElo "2348"]
[EventDate "2010.06.29"]

1. e4 c5 2. Nf3 d6 3. d4 cxd4 4. Nxd4 Nf6 5. Nc3 Nc6 6. h3 g6 7. Be3 Bg7 8.
Bc4 O-O 9. Bb3 Qa5 10. O-O Bd7 11. Re1 Nxd4 12. Bxd4 Bc6 13. Nd5 Bxd5 14.
exd5 Rfe8 15. c3 Nd7 16. Bxg7 Kxg7 17. Qd4+ Kg8 18. Re3 Qc5 19. Rae1 Qxd4
20. cxd4 Kf8 21. Ba4 Rad8 22. Rb3 b6 23. Rbe3 Nf6 24. Bc6 Rc8 25. g4 g5 26.
Ra3 Rc7 27. Bxe8 Kxe8 28. Rc3 Nxd5 29. Rxc7 Nxc7 30. Kg2 Nd5 31. Kf3 Kd7
32. h4 h6 33. hxg5 hxg5 34. Rh1 Ke6 35. Rh8 Nb4 36. a3 Nc6 37. Ke4 d5+ 38.
Kd3 Kd6 39. Rh5 f6 40. f4 gxf4 41. Rf5 Nb8 42. Rxf4 Nd7 43. Rf1 e5 44.
dxe5+ Nxe5+ 45. Kd4 Nc6+ 46. Ke3 Ke5 47. Kd3 Ke6 48. Re1+ Kd6 49. Rf1 Ke6
1/2-1/2

[Event "IsBank TCh-TUR"]
[Site "Konya TUR"]
[Date "2010.07.05"]
[Round "9"]
[White "Kerigan,D"]
[Black "Temizkan,D"]
[Result "1-0"]
[WhiteElo "2126"]
[BlackElo "1814"]
[EventDate "2010.06.29"]

1. e4 e5 2. Nf3 Nc6 3. d4 exd4 4. Nxd4 Bc5 5. Nb3 Bb6 6. Nc3 Nf6 7. Qe2 d6
8. Bg5 h6 9. Bh4 g5 10. Bg3 Qe7 11. O-O-O Bd7 12. f3 O-O-O 13. a4 a6 14.
Bf2 Bxf2 15. Qxf2 Kb8 16. Be2 Rhe8 17. Rhe1 Ne5 18. Kb1 Nc6 19. g3 Qf8 20.
Bf1 Qg7 21. Nd4 Nxd4 22. Rxd4 Bc8 23. Red1 Ng8 24. Rb4 a5 25. Rb3 Ne7 26.
Nb5 Nc6 27. Rdd3 Qe5 28. Rdc3 Bd7 29. Nxc7 Nd4 30. Rb6 Re7 31. Nd5 Ree8 32.
Rc7 Bc6 33. Rcxc6 Nxc6 34. Rxb7+ Ka8 35. Qb6 1-0

[Event "IsBank TCh-TUR"]
[Site "Konya TUR"]
[Date "2010.07.05"]
[Round "9"]
[White "Buyukasik,Betul"]
[Black "Vatansever,Buse"]
[Result "1/2-1/2"]
[WhiteElo "1670"]
[BlackElo "1547"]
[EventDate "2010.06.29"]

1. d4 d5 2. c4 e6 3. Nc3 Nf6 4. Bg5 Be7 5. Nf3 Nbd7 6. e3 O-O 7. Qc2 b6 8.
Bd3 h6 9. Bh4 Bb7 10. cxd5 Nxd5 11. Bxe7 Nxe7 12. Qe2 c5 13. Be4 Bxe4 14.
Nxe4 Rc8 15. O-O Nd5 16. Rfd1 Qe7 17. Rac1 Rc7 18. dxc5 Nxc5 19. Nxc5 Rxc5
20. Nd4 Rfc8 21. Rxc5 Rxc5 22. Qd2 Qc7 23. g3 a5 24. a3 Nf6 25. Qe2 e5 26.
Nf3 Rc2 27. Rd2 Rxd2 28. Qxd2 Nd7 29. Kg2 Qc6 30. Qe2 g5 31. Kg1 Qc1+ 32.
Kg2 Qc6 33. Kg1 f6 34. h3 Qc1+ 35. Kg2 Nc5 36. Qb5 Qc2 37. Qe8+ Kg7 38.
Qe7+ Kg6 39. Qe8+ Kg7 40. Qe7+ Kg6 1/2-1/2

[Event "IsBank TCh-TUR"]
[Site "Konya TUR"]
[Date "2010.07.05"]
[Round "9"]
[White "Aslan,C"]
[Black "Alev,G"]
[Result "0-1"]
[WhiteElo "1572"]
[BlackElo "1565"]
[EventDate "2010.06.29"]

1. e4 c5 2. Nf3 d6 3. d4 cxd4 4. Nxd4 Nf6 5. Nc3 a6 6. Bg5 e5 7. Nb3 Be6 8.
f4 Be7 9. f5 Bxb3 10. axb3 Nbd7 11. Qd2 Nc5 12. Bxf6 Bxf6 13. b4 Nd7 14.
Qxd6 Be7 15. Qd5 Bxb4 16. Qxb7 Rb8 17. Qxa6 Bxc3+ 18. bxc3 Qh4+ 19. Kd1
Qxe4 20. Qd3 Qb7 21. Ke1 O-O 22. Kf2 Nf6 23. Be2 Ne4+ 24. Ke1 Rfd8 25. Qf3
Rd2 26. Rd1 Rxd1+ 27. Bxd1 Rd8 28. Rg1 Qd5 29. Qd3 Qxd3 30. cxd3 Rxd3 31.
Bc2 Rxc3 32. Bxe4 Re3+ 33. Kf2 Rxe4 34. Rd1 h6 35. g3 Rc4 36. h3 Rc7 37. g4
Kf8 38. h4 Ke7 39. g5 hxg5 40. hxg5 Rc4 41. Ke3 Rg4 42. Rd5 f6 43. gxf6+
gxf6 44. Ra5 Rf4 45. Ra7+ Kf8 46. Rh7 Rxf5 47. Ra7 Rg5 48. Rh7 Rg7 49. Rh6
Kf7 50. Ke4 Rg5 51. Kf3 Kg7 52. Rh2 f5 53. Ra2 Rg6 54. Ra5 Re6 55. Ra2 e4+
56. Kf4 Kf6 57. Ra5 e3 58. Rxf5+ Ke7 0-1

[Event "IsBank TCh-TUR"]
[Site "Konya TUR"]
[Date "2010.07.05"]
[Round "9"]
[White "Karakehajov,K"]
[Black "Gagunashvili,M"]
[Result "1/2-1/2"]
[WhiteElo "2505"]
[BlackElo "2580"]
[EventDate "2010.06.29"]

1. d4 d5 2. Nf3 Nf6 3. c4 c6 4. cxd5 cxd5 5. Nc3 Nc6 6. Bf4 a6 7. e3 Bg4 8.
Be2 e6 9. O-O Bd6 10. Bxd6 Qxd6 11. Nd2 Bxe2 12. Qxe2 O-O 13. a3 Rfc8 14.
Rac1 Ne7 15. Na4 Rxc1 16. Rxc1 Rc8 17. Qd1 Rxc1 18. Qxc1 Qc6 19. Qxc6 Nxc6
20. Nc5 Nd8 21. Kf1 Kf8 22. Ke2 Ke7 23. f3 Nd7 24. Nxd7 Kxd7 25. Kd3 Nc6
26. g4 Ne7 27. Nf1 Nc8 28. Ng3 Nd6 29. b3 Ke7 30. g5 f6 1/2-1/2

[Event "IsBank TCh-TUR"]
[Site "Konya TUR"]
[Date "2010.07.05"]
[Round "9"]
[White "Gurcan,S"]
[Black "Yaramis,H"]
[Result "1/2-1/2"]
[WhiteElo "2237"]
[BlackElo "2103"]
[EventDate "2010.06.29"]

1. e4 c5 2. Nf3 Nc6 3. d4 cxd4 4. Nxd4 Nf6 5. Nc3 e5 6. Ndb5 d6 7. Bg5 a6
8. Na3 b5 9. Nd5 Be7 10. Bxf6 Bxf6 11. c3 O-O 12. Nc2 Bg5 13. a4 bxa4 14.
Rxa4 a5 15. Bc4 Rb8 16. b3 Kh8 17. Qe2 f5 18. exf5 Bxf5 19. Nce3 Be6 20.
O-O Bxe3 21. Qxe3 Bxd5 22. Bxd5 Ne7 23. Qd3 Nxd5 24. Qxd5 Qb6 25. Rxa5 Qxb3
26. Qxd6 Qxc3 27. Rxe5 Rbd8 28. Qe7 Qd4 29. Re3 h6 30. g3 Qf6 31. Qxf6 Rxf6
32. Kg2 Rd2 33. Re5 Kh7 34. h4 Rc2 35. g4 Rcc6 36. Re3 Rce6 37. Ra3 Ra6 38.
Rb3 Rab6 39. Ra3 Ra6 40. Rc3 Rac6 41. Rd3 Rcd6 42. Re3 Rde6 43. Rfe1 Rb6
44. R1e2 Rb4 45. Rg3 Rff4 46. f3 Rb6 47. h5 Rfb4 48. Re4 Rb2+ 49. Kh3 Rf2
50. Rf4 Rbb2 51. Rg1 Rh2+ 52. Kg3 Rhc2 53. Rf8 Re2 54. Rf4 Ra2 55. Re4 Rab2
56. Kf4 Rf2 57. Re3 Rfe2 58. Re4 Rf2 59. Kg3 Rfe2 60. Rf1 Rg2+ 61. Kf4 Rgf2
62. Rfe1 Rb3 63. R1e3 Rxe3 64. Rxe3 Ra2 65. Kf5 Ra8 66. Re7 Rf8+ 67. Ke4
Ra8 68. f4 Ra5 69. Re5 Ra8 70. Re6 Ra5 71. Rd6 Rb5 72. Rd5 Rb8 73. Rd3 Re8+
74. Kf3 Ra8 75. Re3 Rb8 76. Rd3 Ra8 77. Rd4 Rb8 78. Rd6 Rb3+ 79. Ke4 Rb4+
80. Rd4 Rb5 81. Rd5 Rb8 82. Rd6 Rb5 83. f5 Rb4+ 84. Rd4 Rb7 85. Kf4 Kg8 86.
Rc4 Ra7 87. Rc6 Ra4+ 88. Kg3 Kf7 89. Rg6 Ra3+ 90. Kh4 Rf3 91. Ra6 Rb3 92.
Ra4 Kf6 93. Ra8 Kf7 94. Ra2 Kf6 95. Ra6+ Kf7 96. Ra7+ Kf6 97. Ra6+ Kf7 98.
Ra7+ 1/2-1/2

[Event "IsBank TCh-TUR"]
[Site "Konya TUR"]
[Date "2010.07.05"]
[Round "9"]
[White "Erbis,B"]
[Black "Korkmaz,N"]
[Result "0-1"]
[WhiteElo "1950"]
[BlackElo "2199"]
[EventDate "2010.06.29"]

1. e4 e6 2. d3 d5 3. Nd2 Nf6 4. g3 dxe4 5. dxe4 e5 6. Bg2 Bc5 7. Ngf3 O-O
8. O-O Qe7 9. c3 a5 10. Qc2 a4 11. Nc4 Nbd7 12. Nh4 g6 13. Bh6 Re8 14. h3
b6 15. Ne3 Nh5 16. Kh2 c6 17. Bf3 Ndf6 18. Bg5 Ng7 19. b4 axb3 20. axb3
Rxa1 21. Rxa1 Ng4+ 22. Nxg4 Qxg5 23. b4 Bf8 24. Ng2 h5 25. N4e3 Qf6 26. Be2
Ne6 27. h4 Nf4 28. b5 Nxe2 29. Qxe2 Rd8 30. bxc6 Qxc6 31. Nd5 Bc5 32. Qc4
Qe6 33. Ra7 Bxf2 34. g4 hxg4 0-1

[Event "IsBank TCh-TUR"]
[Site "Konya TUR"]
[Date "2010.07.05"]
[Round "9"]
[White "Yargici,M"]
[Black "Sipahioglu,I"]
[Result "1/2-1/2"]
[WhiteElo "1822"]
[BlackElo "2057"]
[EventDate "2010.06.29"]

1. d4 d5 2. c4 e6 3. Nc3 f5 4. Nf3 Nf6 5. g3 c6 6. Bg2 Bd6 7. O-O Nbd7 8.
Bf4 Bxf4 9. gxf4 dxc4 10. Qa4 Nb6 11. Qc2 Nbd5 12. e3 b5 13. a4 Qb6 14. Ne5
a6 15. b3 cxb3 16. Qxb3 Bb7 17. Rfc1 O-O 18. a5 Qd8 19. Na4 Rc8 20. Nc5 Qe7
21. Rc2 Rfe8 22. Rac1 Ba8 23. Nxa6 Qa7 24. Nb4 Qxa5 25. Nexc6 Bxc6 26. Nxc6
Qa6 27. Bf1 Qb7 28. Bxb5 Ne4 29. Na5 Rxc2 30. Rxc2 Qf7 31. Bxe8 Qxe8 32. f3
Nef6 33. Nc6 h6 34. Ne5 Qa8 35. Ra2 Qc8 36. Nc4 Qe8 37. Qb7 Kh7 38. Ra7
Qg6+ 39. Kf2 Ng4+ 40. fxg4 Qxg4 41. Qb2 Nf6 42. Nd6 Qh4+ 43. Kg1 Qe1+ 44.
Kg2 Qxe3 45. Qf2 Qd3 46. h3 Nd5 47. Ra2 Qb3 48. Re2 Nf6 49. Qe3 Qd5+ 50.
Kh2 Qxd6 51. Qe5 Qd7 52. Qxe6 Qxd4 53. Qxf5+ Kg8 54. Rc2 Qd6 55. Qe5 Qb6
56. Re2 Qa7 57. Qe6+ Kh7 58. Rg2 Qc7 59. Qf5+ Kh8 60. Rc2 Qa7 61. Rc8+ Ng8
62. Qc2 Qe3 63. f5 Qf4+ 64. Kg2 Qg5+ 65. Kf3 Qh5+ 66. Kg3 Qg5+ 67. Kf2 Qf4+
68. Ke1 Qg3+ 69. Ke2 1/2-1/2

[Event "IsBank TCh-TUR"]
[Site "Konya TUR"]
[Date "2010.07.05"]
[Round "9"]
[White "Gundogan,C"]
[Black "Ulusoy,Nisan"]
[Result "0-1"]
[WhiteElo "1816"]
[BlackElo "1613"]
[EventDate "2010.06.29"]

1. e4 e6 2. d4 d5 3. exd5 exd5 4. Bd3 Bd6 5. Nf3 Nc6 6. c3 Bg4 7. O-O Qd7
8. Re1+ Nge7 9. Nbd2 O-O-O 10. a4 Ng6 11. Nf1 Rde8 12. Ne3 Bh5 13. Bf5 Re6
14. Bxe6 fxe6 15. g4 Nf4 16. gxh5 Qf7 17. Ng4 Nh3+ 18. Kf1 Qxh5 19. Nfe5
Rf8 20. Be3 Qf5 21. Qd3 Qh5 22. Qe2 Ne7 23. f3 Nf5 24. Bg1 Nh4 25. Nf2 Nxg1
26. Kxg1 Bxe5 27. f4 Qf3 28. Ng4 Qxe2 29. Rxe2 Bxf4 30. Rxe6 Nf3+ 31. Kg2
Nh4+ 32. Kh3 Ng6 33. Ne5 Bxe5 34. Rxe5 Nxe5 35. dxe5 Rf2 36. Rg1 g6 37. b4
Re2 38. Rg5 Re3+ 39. Rg3 Rxe5 40. Kg4 Kd7 41. Kf4 Rf5+ 42. Kg4 Kd6 43. h4
b6 44. Rd3 c5 45. b5 Re5 46. Rf3 Re4+ 47. Kg5 Rxa4 48. Rf7 Rc4 49. Rxh7
Rxc3 50. Kxg6 Ra3 51. Rh8 Rh3 52. h5 d4 53. h6 d3 54. Rf8 c4 55. h7 Rxh7
56. Kxh7 Kc5 57. Rf5+ Kd4 58. Kg6 d2 59. Rf7 Kc3 60. Rd7 Kc2 61. Kf6 d1=Q
62. Rxd1 Kxd1 63. Ke6 c3 64. Kd6 c2 65. Kc7 c1=Q 66. Kb7 Qc5 67. Ka6 Kc2
68. Kxa7 Qxb5 69. Kb7 Kd3 0-1

[Event "IsBank TCh-TUR"]
[Site "Konya TUR"]
[Date "2010.07.06"]
[Round "10"]
[White "Kozhuharov,S"]
[Black "Savchenko,B"]
[Result "1/2-1/2"]
[WhiteElo "2404"]
[BlackElo "2642"]
[EventDate "2010.06.29"]

1. d4 Nf6 2. c4 g6 3. Nc3 Bg7 4. e4 d6 5. f3 O-O 6. Bg5 c5 7. d5 e6 8. Qd2
exd5 9. cxd5 h6 10. Be3 h5 11. Be2 Ne8 12. Bd1 Nd7 13. Bg5 f6 14. Bh6 f5
15. Nh3 b5 16. Bxg7 Nxg7 17. exf5 Ne5 18. O-O Nxf5 19. Nxb5 Nc4 20. Qg5
Qxg5 21. Nxg5 Nxb2 22. Rb1 Nxd1 23. Rfxd1 Bd7 24. Nc3 Rab8 25. Nce4 Ba4 26.
Rdc1 Rb6 27. Rxb6 axb6 28. Ne6 Ra8 29. g4 hxg4 30. fxg4 Ne3 31. Nxd6 Nxd5
32. Re1 Bd7 33. Re5 Rxa2 34. Nxc5 Bc6 35. Ne6 Nf6 36. h3 Ra5 37. Rxa5 bxa5
38. Nd4 Bd5 39. Kf2 Ne4+ 40. Nxe4 Bxe4 41. Ke3 Bd5 42. h4 a4 43. Nb5 Kf7
44. Kf4 Kf6 45. Nc3 Bc6 46. Nb1 Bb5 47. Na3 Bd3 48. Ke3 Bf1 49. Kf4 Be2 50.
Nc2 Bc4 51. Na3 1/2-1/2

[Event "IsBank TCh-TUR"]
[Site "Konya TUR"]
[Date "2010.07.06"]
[Round "10"]
[White "Lastin,A"]
[Black "Karakehajov,K"]
[Result "1/2-1/2"]
[WhiteElo "2643"]
[BlackElo "2505"]
[EventDate "2010.06.29"]

1. e4 c5 2. Nf3 e6 3. d4 cxd4 4. Nxd4 Nf6 5. Nc3 Nc6 6. Ndb5 Bc5 7. Bf4 O-O
8. Bc7 Qe7 9. Bd6 Bxd6 10. Qxd6 Qd8 11. Qg3 d5 12. O-O-O Qa5 13. exd5 exd5
14. Qc7 Qb4 15. a3 Qh4 16. Qg3 Qxg3 17. hxg3 Ng4 18. Rd2 d4 19. Ne4 Rd8 20.
Bc4 b6 21. Rhd1 Nge5 22. Ba2 Bf5 23. f3 Bxe4 24. fxe4 Kf8 25. Bd5 Rac8 26.
Nxd4 Nxd4 27. Rxd4 Ke7 28. Rh1 h6 29. Rf1 Rd6 30. Rf5 g6 31. Rf1 Rf6 32.
Rdd1 h5 33. c3 Ng4 34. Kd2 Rxf1 35. Rxf1 f6 36. c4 Kd6 37. b4 Rc7 38. Kd3
Ke5 39. Rc1 b5 40. Ke2 bxc4 41. Bxc4 g5 42. a4 Kd4 43. Rd1+ Kc3 44. Be6
Kxb4 45. Rd4+ Ka5 1/2-1/2

[Event "IsBank TCh-TUR"]
[Site "Konya TUR"]
[Date "2010.07.06"]
[Round "10"]
[White "Ushenina,A"]
[Black "Gvetadze,Sopi"]
[Result "1/2-1/2"]
[WhiteElo "2468"]
[BlackElo "2363"]
[EventDate "2010.06.29"]

1. d4 d5 2. c4 c6 3. Nc3 Nf6 4. e3 a6 5. Qc2 b5 6. b3 g6 7. Bd3 Bg7 8. Nf3
Nbd7 9. O-O O-O 10. cxb5 cxb5 11. b4 Qb6 12. a4 bxa4 13. Nxa4 Qb8 14. Bb2
Re8 15. Qb3 e6 16. Rfc1 Bf8 17. Nc5 Bd6 18. h3 Ra7 19. Ra5 e5 20. Nxd7 Nxd7
21. dxe5 Bxb4 22. Rxd5 Nf8 23. Nd4 Be6 24. Nxe6 Nxe6 25. Ba3 Bxa3 26. Qxa3
Kg7 27. Ra5 Nc7 28. Bc4 Rb7 29. Qa1 Rb2 30. e6 f6 31. Ra2 Rb6 32. Bxa6 Nxa6
33. Rxa6 Rbxe6 34. Rxe6 Rxe6 35. Qd4 Re7 36. Ra1 Rf7 37. Qd5 Qb7 38. Qxb7
Rxb7 39. g4 g5 40. Kg2 Kg6 41. Ra2 h5 42. gxh5+ Kxh5 43. Kg3 Rb1 44. Kf3
Rb4 45. Ra6 Kg6 46. Rd6 Rh4 47. Kg3 Re4 48. Rd4 Re6 49. h4 gxh4+ 50. Kxh4
Ra6 51. Kg4 Ra1 52. Rd6 Ra5 53. f4 Ra4 54. Rc6 Rb4 55. Rc5 Ra4 56. Rd5 Re4
57. Kf3 Ra4 58. e4 Ra1 59. Rd6 Rf1+ 60. Kg3 Kf7 61. Kg4 Ra1 62. Rb6 Ra7 63.
Kf3 Ra3+ 64. Kg4 Ra7 65. f5 Rc7 66. Kf4 Ra7 67. Rc6 Rb7 68. Ke3 Rd7 69. Rc5
Kg7 70. Rd5 Ra7 71. Rd4 Rb7 72. Kd3 Rc7 73. Rb4 Rd7+ 74. Kc4 Kh6 75. Rb1
Kg5 76. Rf1 Rd8 77. Kc5 Rd7 78. Kc6 Rd8 79. Rf2 Re8 80. Kd5 Re5+ 81. Kd4
Ra5 82. Rg2+ Kf4 83. Rf2+ Kg5 84. Rc2 Kf4 85. Rf2+ Kg5 86. Rf1 Rb5 87. Rh1
Ra5 88. Rh8 Ra4+ 89. Kd5 Ra5+ 90. Kc4 Ra4+ 91. Kd3 Ra3+ 92. Kc2 Ra2+ 93.
Kb3 Re2 94. Re8 Kf4 1/2-1/2

[Event "IsBank TCh-TUR"]
[Site "Konya TUR"]
[Date "2010.07.06"]
[Round "10"]
[White "Secer,A"]
[Black "Gurcan,S"]
[Result "1-0"]
[WhiteElo "2325"]
[BlackElo "2237"]
[EventDate "2010.06.29"]

1. e4 e6 2. d4 d5 3. Nc3 Nf6 4. e5 Nfd7 5. f4 c5 6. Nf3 Nc6 7. Be3 Qb6 8.
Na4 Qa5+ 9. c3 cxd4 10. b4 Nxb4 11. cxb4 Bxb4+ 12. Bd2 Bxd2+ 13. Nxd2 O-O
14. Bd3 b5 15. Nb2 Nb6 16. O-O Nc4 17. Nbxc4 dxc4 18. Bxh7+ Kxh7 19. Qh5+
Kg8 20. Ne4 f6 21. Nxf6+ 1-0